MARC details
| 000 -LEADER |
| fixed length control field |
02540cam a2200505 i 4500 |
| 001 - CONTROL NUMBER |
| control field |
ocn948639820 |
| 003 - CONTROL NUMBER IDENTIFIER |
| control field |
OCoLC |
| 005 - DATE AND TIME OF LATEST TRANSACTION |
| control field |
20171012172657.0 |
| 008 - FIXED-LENGTH DATA ELEMENTS--GENERAL INFORMATION |
| fixed length control field |
160503s2016 fr b 000 0 fre |
| 010 ## - LIBRARY OF CONGRESS CONTROL NUMBER |
| LC control number |
2016450622 |
| 020 ## - INTERNATIONAL STANDARD BOOK NUMBER |
| International Standard Book Number |
9782343087986 |
| Qualifying information |
(pbk.) |
| 020 ## - INTERNATIONAL STANDARD BOOK NUMBER |
| International Standard Book Number |
2343087989 |
| Qualifying information |
(pbk.) |
| 029 1# - (OCLC) |
| OCLC library identifier |
GBVCP |
| System control number |
859808874 |
| 035 ## - SYSTEM CONTROL NUMBER |
| System control number |
(OCoLC)948639820 |
| 040 ## - CATALOGING SOURCE |
| Original cataloging agency |
DLC |
| Language of cataloging |
eng |
| Description conventions |
rda |
| Transcribing agency |
DLC |
| Modifying agency |
AUXAM |
| -- |
ERASP |
| -- |
INU |
| -- |
OCLCF |
| -- |
GBVCP |
| -- |
OCLCO |
| -- |
OCLCQ |
| -- |
UAB |
| 042 ## - AUTHENTICATION CODE |
| Authentication code |
pcc |
| 043 ## - GEOGRAPHIC AREA CODE |
| Geographic area code |
f-nr--- |
| -- |
fw----- |
| 049 ## - LOCAL HOLDINGS (OCLC) |
| Holding library |
TZAA |
| 050 00 - LIBRARY OF CONGRESS CALL NUMBER |
| Classification number |
HV6433 |
| Item number |
.B65 |
| 082 04 - DEWEY DECIMAL CLASSIFICATION NUMBER |
| Classification number |
320 |
| 100 1# - MAIN ENTRY--PERSONAL NAME |
| Personal name |
Betché, Zachée, |
| Dates associated with a name |
1970- |
| 245 13 - TITLE STATEMENT |
| Title |
Le phéenomène Boko Haram: au-delà du radicalisme |
| Remainder of title |
au-delà du radicalisme / |
| Statement of responsibility, etc |
Zachée Betché. |
| 300 ## - PHYSICAL DESCRIPTION |
| Extent |
237 pages ; |
| Dimensions |
21 cm. |
| 490 1# - SERIES STATEMENT |
| Series statement |
Collection "Études africaines" |
| 504 ## - BIBLIOGRAPHY, ETC. NOTE |
| Bibliography, etc |
Includes bibliographical references (pages 231-237). |
| 505 00 - FORMATTED CONTENTS NOTE |
| Title |
Introduction. -- |
| Miscellaneous information |
partie 1. |
| Title |
Sociogenèse d'un mouvement radical. |
| -- |
Aux sources d'une théologie islamiste décadente -- |
| -- |
Entre Ousmane dan Fodio et Boko Haram. Ruptures ou continuités? -- |
| Miscellaneous information |
partie 2. |
| Title |
Apologie de la violence. |
| -- |
Idéologie ou théologie de la violence -- |
| -- |
Nature ou paradoxes d'un mouvement subsaharien. -- |
| Miscellaneous information |
partie 3. |
| Title |
Terrorisme et lieux de l'action. |
| -- |
La nation et son unité à l'épreuve de Boko Haram -- |
| -- |
La politique, l'armée et l'économie. Visages de la raison. -- |
| Miscellaneous information |
partie 4. |
| Title |
Sortir des sentiers battus. Esquisse d'une vérité sur le conflit. |
| -- |
Pauvreté et terrorisme au sahel. Ses mythes et ses réalités -- |
| -- |
Boko Haram ou la guerre des autres. -- |
| Miscellaneous information |
partie 5. |
| Title |
Répondre à Boko Haram. Perspective critique. |
| -- |
Communication et temps de crise : émotion, raison et vérité -- |
| -- |
Éducation ou libération -- |
| -- |
Construction d'une conscience historique. -- |
| -- |
Conclusion. |
| 610 20 - SUBJECT ADDED ENTRY--CORPORATE NAME |
| Corporate name or jurisdiction name as entry element |
Boko Haram. |
| 610 27 - SUBJECT ADDED ENTRY--CORPORATE NAME |
| Corporate name or jurisdiction name as entry element |
Boko Haram. |
| Source of heading or term |
fast |
| 610 27 - SUBJECT ADDED ENTRY--CORPORATE NAME |
| Corporate name or jurisdiction name as entry element |
Boko Haram |
| Source of heading or term |
gnd |
| 650 #0 - SUBJECT ADDED ENTRY--TOPICAL TERM |
| Topical term or geographic name as entry element |
Terrorism |
| Geographic subdivision |
Nigeria. |
| 650 #0 - SUBJECT ADDED ENTRY--TOPICAL TERM |
| Topical term or geographic name as entry element |
Terrorism |
| Geographic subdivision |
Africa, West. |
| 650 #0 - SUBJECT ADDED ENTRY--TOPICAL TERM |
| Topical term or geographic name as entry element |
Islamic fundamentalism |
| Geographic subdivision |
Africa, West. |
| 650 #0 - SUBJECT ADDED ENTRY--TOPICAL TERM |
| Topical term or geographic name as entry element |
Radicalism |
| General subdivision |
Religious aspects |
| -- |
Islam. |
| 650 #7 - SUBJECT ADDED ENTRY--TOPICAL TERM |
| Topical term or geographic name as entry element |
Islamic fundamentalism. |
| Source of heading or term |
fast |
| 9 (RLIN) |
8397 |
| 650 #7 - SUBJECT ADDED ENTRY--TOPICAL TERM |
| Topical term or geographic name as entry element |
Radicalism |
| General subdivision |
Religious aspects |
| -- |
Islam. |
| Source of heading or term |
fast |
| 650 #7 - SUBJECT ADDED ENTRY--TOPICAL TERM |
| Topical term or geographic name as entry element |
Terrorism. |
| Source of heading or term |
fast |
| 650 #6 - SUBJECT ADDED ENTRY--TOPICAL TERM |
| Topical term or geographic name as entry element |
Terrorisme |
| Geographic subdivision |
Nigeria. |
| 650 #6 - SUBJECT ADDED ENTRY--TOPICAL TERM |
| Topical term or geographic name as entry element |
Terrorisme |
| Geographic subdivision |
Afrique occidentale. |
| 650 #6 - SUBJECT ADDED ENTRY--TOPICAL TERM |
| Topical term or geographic name as entry element |
intégrisme islamique |
| Geographic subdivision |
Afrique occidentale. |
| 650 #6 - SUBJECT ADDED ENTRY--TOPICAL TERM |
| Topical term or geographic name as entry element |
Radicalisme |
| General subdivision |
Aspect religieux |
| -- |
Islam. |
| 651 #7 - SUBJECT ADDED ENTRY--GEOGRAPHIC NAME |
| Geographic name |
Africa, West. |
| Source of heading or term |
fast |
| 651 #7 - SUBJECT ADDED ENTRY--GEOGRAPHIC NAME |
| Geographic name |
Nigeria. |
| Source of heading or term |
fast |
| 830 #0 - SERIES ADDED ENTRY--UNIFORM TITLE |
| Uniform title |
Étudesafricaines (Harmattan (Firm)) |
| 942 ## - ADDED ENTRY ELEMENTS (KOHA) |
| Source of classification or shelving scheme |
Library of Congress Classification |
| Koha item type |
Books |